| 000 | 00623nam a2200205 i 4500 | ||
|---|---|---|---|
| 001 | 70520 | ||
| 003 | ES-MaACL | ||
| 005 | 20250808011138.0 | ||
| 007 | t| | ||
| 008 | 040727s1956 sp |||| |dspa d | ||
| 100 | 1 |
_aGarcía Venero, Maximiano. _955393 |
|
| 245 | 1 | 0 |
_aBiografía de la bohemia / _cMaximiano García Venero. |
| 260 |
_aMadrid : _b[s.n., _c1956] ( _fGráf. C.I.O.) |
||
| 300 |
_a252 p. ; _c18 cm. |
||
| 490 | 1 |
_aEl grifón. Segunda serie ; _v34 |
|
| 650 | 7 |
_aVida bohemia _2embne _917789 |
|
| 830 | 1 |
_aEl grifón. Segunda serie ; _v34 _9231038 |
|
| 852 |
_aES-MaACL _jC-10695 |
||
| 999 |
_c70520 _d70520 |
||